| 000 | 02903nam0a2200457 4500 | ||
|---|---|---|---|
| 001 | RU\NLR\bibl\791488 | ||
| 005 | 20260406071810.0 | ||
| 010 |
_a5-16-002153-1 _9100000 |
||
| 021 |
_aRU _b2005-1280 _966 |
||
| 035 | _a(NLR Aleph) 000780728 | ||
| 090 |
_a1060367 _c1060367 |
||
| 100 | _a20020911d2005 |||y0rusy50 ca | ||
| 101 | 0 | _arus | |
| 102 | _aRU | ||
| 105 | _aa ||||||||| | ||
| 200 | 1 |
_aОрганизация производства и управление предприятием _eучебник для студентов по специальности 060800 Экономика и управление на предприятии (по отраслям) _f[Туровец О.Г., Попов В.Н., доктора экон. наук, профессора, Родионов В.Б., к.э.н., доц. и др.] _gпод ред. О.Г. Туровца |
|
| 205 | _a2-е изд. | ||
| 210 |
_aМосква _cИНФРА-М _d2005 |
||
| 215 |
_a544 с. _cил. _d21 |
||
| 225 | 1 | _aВысшее образование | |
| 320 | _aБиблиогр.: с. 538-540 | ||
| 606 | 0 |
_aПромышленные предприятия _jРуководства, пособия и т.п. для высшей школы _xОрганизация производства _9909001 _3RU\NLR\auth\6611932 |
|
| 606 | 0 |
_aПромышленные предприятия _jУчебники для высших учебных заведений _xОрганизация производства _9909001 _3RU\NLR\auth\6611932 |
|
| 606 | 0 |
_aПромышленные предприятия _jРуководства, пособия и т.п. для высшей школы _xУправление _91545107 _3RU\NLR\auth\66674279 |
|
| 606 | 0 |
_aПромышленные предприятия _jУчебники для высших учебных заведений _xУправление _91545107 _3RU\NLR\auth\66674279 |
|
| 610 | 0 | _aПромышленные предприятия - Организация производства | |
| 610 | 0 | _aПромышленные предприятия - Управление | |
| 675 |
_a658.012(075.8) _v3 _zrus |
||
| 686 |
_a06.81 _2rugasnti |
||
| 686 |
_a65.290-93я73 _2rubbk |
||
| 686 | _aУ30(2)-801я73 | ||
| 686 | _aУ30(2)-212.1я73 | ||
| 701 | 1 |
_4070 _8rus _7ca _aТуровец _bО. Г. _gОскар Григорьевич _cэкономист _3RU\NLR\auth\7728793 _911824 |
|
| 701 | 1 |
_4070 _8rus _7ca _aПопов _bВ. Н. _cд-р экон. наук, организация производства _f1939-2025 _gВладимир Николаевич _3RU\NLR\auth\7760302 _943233 |
|
| 701 | 1 |
_4070 _8rus _7ca _aРодинов _bВ. Б. _gВладимир Борисович _3RU\NLR\auth\7778765 _961693 |
|
| 801 | 0 |
_aRU _bRKP _c20020904 _gPSBO |
|
| 801 | 1 |
_aRU _bRKP _c20020904 |
|
| 801 | 2 |
_aRU _bNLR _c20101223 _grcr |
|
| 942 | _cBOOK | ||
| 980 | _aNB | ||